2 największe państwa danego regionu #2 - Statystyki

Ogólne statystyki
  • Ten quiz został rozwiązany 78 razy
  • Średni wynik to 9 z 14
Statystyki odpowiedzi
pozycja region Odpowiedź % Poprawnych
#1 na półwyspie bałkańskim rumunia
92%
#2 na półwyspie bałkańskim grecja
84%
#1 na dalekim wschodzie chiny
82%
#1 w skandynawii szwecja
73%
#1 w centralnej europie niemcy
72%
#2 w skandynawii norwegia
72%
#2 w centralnej europie polska
68%
#2 na dalekim wschodzie indonezja
53%
#1 w wschodniej afryce etiopia
47%
#2 w oceanii nowa zelandia
46%
#1 w afryce zachodniej niger
45%
#1 w oceanii papua nowa gwinea
45%
#2 w afryce zachodniej mali
43%
#2 w wschodniej afryce tanzania
39%
Nie znaleziono quizów pasujących do podanych kryteriów
Rozkład punktacji
Procent ludzi z każdym wynikiem
Percentyl według liczby udzielonych odpowiedzi
Twoja historia wyników
Nie rozwiązałeś tego quizu